| 000 | 00550nam a2200193 u 4500 | ||
|---|---|---|---|
| 005 | 20240612064042.0 | ||
| 008 | 090901s2004 es r 000 0 spa d | ||
| 020 | _a8484603571 | ||
| 035 | _aUPN01000172181 | ||
| 049 | _aCG | ||
| 050 | 4 |
_aBJ1983 _bU7.2 |
|
| 100 | 1 |
_aUrbina y de la Quintana, José Antonio de, _d1926- |
|
| 245 | 1 | 0 |
_a100 Preguntas básicas de protocolo / _cJosé Antonio de Urbina. |
| 260 |
_aMadrid : _bTemas de Hoy, _c2004. |
||
| 300 |
_a207 p. : _bil. |
||
| 440 | 0 | _aVivir mejor | |
| 650 | 4 |
_aEtiqueta _914056 |
|
| 905 | _aLibro | ||
| 999 |
_c144285 _d144285 |
||